[Event "Sterlitamak-ch U16 Girls 3"]
[Site "Sterlitamak"]
[Date "2016.08.21"]
[Round "9"]
[White "Gupalo, Tatiana"]
[Black "Brykalova, Natalya"]
[Result "1-0"]
[WhiteElo "1349"]
[BlackElo "1478"]
[PlyCount "79"]
[EventDate "2016.08.17"]
[EventType "tourn"]
[EventRounds "8"]
[EventCountry "RUS"]
[SourceTitle "EXT 2022"]
[Source "ChessBase"]
[SourceDate "2021.10.06"]
[SourceVersion "1"]
[SourceVersionDate "2021.10.06"]
[SourceQuality "1"]

1. d4 d5 2. Bf4 Nf6 3. e3 e6 4. c3 Nbd7 5. Nd2 b6 6. Bd3 h6 7. Ngf3 Bd6 8. Ne5 Bxe5 9. dxe5 Nc5 10. Bc2 Nfd7 11. Qf3 Ba6 12. 0-0-0 Nd3+ 13. Bxd3 Bxd3 14. Nb3 Be4 15. Qg3 g5 16. f3 Bg6 17. Nd4 gxf4 18. Qxf4 Qg5 19. Qxg5 hxg5 20. Nb5 0-0-0 21. Nxa7+ Kb7 22. Nb5 Nxe5 23. Rd4 c5 24. Ra4 Ra8 25. Rxa8 Rxa8 26. e4 dxe4 27. fxe4 Kc6 28. Na3 Bxe4 29. Rg1 Rd8 30. g3 Nd3+ 31. Kc2 Nb4+ 32. Kb3 Bd5+ 33. c4 Be4 34. Rf1 f5 35. Rg1 Rd3+ 36. Ka4 Re3 37. h4 Nc2 38. Nb5 gxh4 39. gxh4 f4 40. Rg7 1-0

[Event "Sterlitamak-ch U15"]
[Site "Sterlitamak"]
[Date "2016.04.27"]
[Round "9.2"]
[White "Gupalo, Tatiana"]
[Black "Kaupov, Bulat"]
[Result "1-0"]
[WhiteElo "1387"]
[BlackElo "1010"]
[PlyCount "65"]
[EventDate "2016.04.11"]
[EventType "swiss"]
[EventRounds "11"]
[EventCountry "RUS"]
[SourceTitle "EXT 2022"]
[Source "ChessBase"]
[SourceDate "2021.10.06"]
[SourceVersion "1"]
[SourceVersionDate "2021.10.06"]
[SourceQuality "1"]

1. d4 d5 2. Bf4 Nc6 3. e3 Nf6 4. c3 e6 5. Nd2 Bd6 6. Bg3 0-0 7. Bd3 Qe7 8. Bh4 e5 9. Bxf6 Qxf6 10. dxe5 Qxe5 11. h4 Bf5 12. Ngf3 Qf6 13. Qc2 Bxd3 14. Qxd3 Qg6 15. Qxg6 fxg6 16. 0-0-0 Ne5 17. Nxe5 Bxe5 18. Nf3 Bd6 19. Rxd5 Rf5 20. Rdd1 Rd8 21. Rhf1 Rh5 22. g3 Rf5 23. Nd2 Rdf8 24. Ne4 Ra5 25. a3 Raf5 26. Kb1 Re8 27. Nd2 Ref8 28. f4 h6 29. e4 R5f6 30. e5 Bxe5 31. fxe5 Rxf1 32. Rxf1 Rxf1+ 33. Nxf1 1-0

[Event "Sterlitamak-ch U15"]
[Site "Sterlitamak"]
[Date "2016.04.11"]
[Round "1.6"]
[White "Gupalo, Tatiana"]
[Black "Savelev, Rostislav"]
[Result "1-0"]
[WhiteElo "1387"]
[BlackElo "1195"]
[PlyCount "73"]
[EventDate "2016.04.11"]
[EventType "swiss"]
[EventRounds "11"]
[EventCountry "RUS"]
[SourceTitle "EXT 2022"]
[Source "ChessBase"]
[SourceDate "2021.10.06"]
[SourceVersion "1"]
[SourceVersionDate "2021.10.06"]
[SourceQuality "1"]

1. e4 e5 2. Nf3 Nc6 3. Bc4 Nf6 4. d4 d6 5. dxe5 dxe5 6. Qxd8+ Nxd8 7. 0-0 Nc6 8. Ng5 h6 9. Nxf7 Rh7 10. Nc3 a6 11. f4 b5 12. Bd5 Bd7 13. Nxe5 Nxd5 14. Nxd5 0-0-0 15. Nxd7 Rxd7 16. Be3 Kb7 17. a3 g6 18. Nf6 a5 19. Nxd7 Rxd7 20. Rfd1 Re7 21. Bc5 Rf7 22. Bxf8 Rxf8 23. g3 a4 24. Rd5 Kb6 25. Re1 Ne7 26. Re5 Nc6 27. Re6 Rg8 28. Rd1 Kb7 29. Rd7 Kb6 30. Rh7 h5 31. Rhe7 Kb7 32. Rd7 Kb6 33. f5 gxf5 34. exf5 Rf8 35. f6 Kb7 36. f7 Rxf7 37. Rxf7 1-0